Nyelv és reflexió

Elmentve itt :
Bibliográfiai részletek
Szerző: Vecsey Zoltán
További közreműködők: Bernáth Árpád (Témavezető)
Dokumentumtípus: Disszertáció
Megjelent: 1999
Tárgyszavak:
mtmt:31258201
Online Access:http://doktori.ek.szte.hu/3883
LEADER 00714nta a2200205 i 4500
001 dokt3883
005 20240903112325.0
008 170217s1999 hu om 000 hun d
024 7 |a 31258201  |2 mtmt 
040 |a SZTE Doktori Repozitórium  |b hun 
041 |a hun 
100 1 |a Vecsey Zoltán 
245 1 0 |a Nyelv és reflexió  |h [elektronikus dokumentum] /  |c  Vecsey Zoltán 
260 |c 1999 
502 |a Disszertacio 
650 4 |a nyelvtudományok 
650 4 |a Nyelvészet 
700 0 1 |a Bernáth Árpád  |e ths 
856 4 0 |u https://doktori.bibl.u-szeged.hu/id/eprint/3883/1/1999_vecsey_zoltan.pdf  |z Dokumentum-elérés  
856 4 0 |u https://doktori.bibl.u-szeged.hu/id/eprint/3883/7/1999_vecsey_zoltan_m.pdf  |z Dokumentum-elérés